Learning to go to school in Japan (Record no. 1111850)

MARC details
000 -LEADER
fixed length control field 00986nam a2200313Ia 4500
003 - CONTROL NUMBER IDENTIFIER
control field OSt
005 - DATE AND TIME OF LATEST TRANSACTION
control field 20221006155905.0
008 - FIXED-LENGTH DATA ELEMENTS--GENERAL INFORMATION
fixed length control field 221006b |||||||| |||| 00| 0 eng d
020 ## - INTERNATIONAL STANDARD BOOK NUMBER
International Standard Book Number 9780520083875
037 ## - SOURCE OF ACQUISITION
Terms of availability Textual
040 ## - CATALOGING SOURCE
Original cataloging agency EASL
Transcribing agency EASL
Language of cataloging eng
041 ## - LANGUAGE CODE
Source of code eng
Language code of text/sound track or separate title eng
100 ## - MAIN ENTRY--PERSONAL NAME
Personal name Peak Lois
9 (RLIN) 670821
245 #0 - TITLE STATEMENT
Title Learning to go to school in Japan
Remainder of title The transition from home to preschool life
260 ## - PUBLICATION, DISTRIBUTION, ETC.
Place of publication, distribution, etc. Berkeley
Name of publisher, distributor, etc. University of California Press
Date of publication, distribution, etc. 1990
300 ## - PHYSICAL DESCRIPTION
Extent 210p.
Dimensions cm.
490 ## - SERIES STATEMENT
Volume/sequential designation JEL
650 ## - SUBJECT ADDED ENTRY--TOPICAL TERM
Topical term or geographic name entry element Child rearing - Japan
9 (RLIN) 670822
650 ## - SUBJECT ADDED ENTRY--TOPICAL TERM
Topical term or geographic name entry element Homes and schools - Japan
9 (RLIN) 670823
650 ## - SUBJECT ADDED ENTRY--TOPICAL TERM
Topical term or geographic name entry element JEL
650 ## - SUBJECT ADDED ENTRY--TOPICAL TERM
Topical term or geographic name entry element Nursery schools - Japan
9 (RLIN) 670824
650 ## - SUBJECT ADDED ENTRY--TOPICAL TERM
Topical term or geographic name entry element Education - Preschool - Japan
9 (RLIN) 670825
942 ## - ADDED ENTRY ELEMENTS (KOHA)
Classification part T13.42.N8, N0
Koha item type Textual
Source of classification or shelving scheme Colon Classification (CC)
Holdings
Withdrawn status Lost status Source of classification or shelving scheme Damaged status Not for loan Home library Current library Date acquired Source of acquisition Serial Enumeration / chronology Total Checkouts Full call number Barcode Date last seen Price effective from Koha item type
    Colon Classification (CC)     Department of East Asian Studies Library Department of East Asian Studies Library 2022-10-06 Gift, Japan Foundation JEL   T13.42.N8 N0 EA1396454 2026-03-09 2022-10-06 Textual
Copyright @ Delhi University Library System